Ownership strcture and initial public offerings (Record no. 289915)

000 -LEADER
fixed length control field 00427cam a22001337a 4500
008 - FIXED-LENGTH DATA ELEMENTS--GENERAL INFORMATION
fixed length control field 180718b2003 xxu||||| |||| 00| 0 eng d
100 ## - MAIN ENTRY--PERSONAL NAME
Personal name Aggarwal, Reena
245 ## - TITLE STATEMENT
Title Ownership strcture and initial public offerings
Statement of responsibility, etc. by Reena Aggarwal and Leora Klapper
260 ## - PUBLICATION, DISTRIBUTION, ETC.
Place of publication, distribution, etc. Washington, D.C.
Name of publisher, distributor, etc. World Bank
Date of publication, distribution, etc. 2003
300 ## - PHYSICAL DESCRIPTION
Extent 27p.
440 ## - SERIES STATEMENT/ADDED ENTRY--TITLE
Title Policy research working paper; no. 3103
650 ## - SUBJECT ADDED ENTRY--TOPICAL TERM
Topical term or geographic name entry element Ownership
700 ## - ADDED ENTRY--PERSONAL NAME
Personal name Klapper, Leora
Holdings
Withdrawn status Lost status Damaged status Not for loan Permanent Location Current Location Date acquired Barcode Date last seen Price effective from Koha item type
        Indian Institute of Public Administration Indian Institute of Public Administration 2003-12-19 WB9837 2018-07-20 2018-07-20 WB

Powered by Koha